Score 0/10 Timer 02:00
0 Plays Today
% Correct
Baltimore
90.9%
Rockville
81.8%
Hagerstown
80.3%
Annapolis
78.8%
Gaithersburg
77.3%
College Park
75.8%
Frederick
74.2%
Bowie
66.7%
Salisbury
51.5%
Laurel
40.9%
Remove Ads.
Support Sporcle.
Get the best of Sporcle when you Go Orange. This ad-free experience offers more features, more stats, and more fun while also helping to support Sporcle. Thank you for becoming a member.

You're not logged in!

Compare scores with friends on all Sporcle quizzes.
OR
Log In

Sporcle TV

Today on Sporcle TV


Watch our educational content, quiz creation guides, and fun videos on Sporcle TV.

Show Comments

Extras

Top Quizzes Today


Score Distribution

Paid Content

Your Account Isn't Verified!

In order to create a playlist on Sporcle, you need to verify the email address you used during registration. Go to your Sporcle Settings to finish the process.

Report this User

Report this user for behavior that violates our Community Guidelines.

Details: